Webový modul rezervačného systému cez vzdialenú správu – front-end

Enregistré dans:
Détails bibliographiques
Auteur principal: Rideky, Viliam (Auteur)
Autres auteurs: Martiš, Pavol (Directeur de thèse)
Format: Manuscrit Livre
Langue:slovaque
Publié: Bratislava : STU v Bratislave FEI, 2023
Sujets:
Accès en ligne:https://opac.crzp.sk/?fn=detailBiblioFormChildIVM3R&sid=925BFB95FAA30F229F94CD019F0C&seo=CRZP-detail-kniha
Tags: Ajouter un tag
Pas de tags, Soyez le premier à ajouter un tag!

MARC

LEADER 00000ntm a22000003a 4500
001 stuzp94932
003 SK-STU
005 20241113140950.1
007 ta
008 150427s2015----xo-----f-mn---000-0-slo-d
040 |a STU  |b slo 
041 0 |a slo 
044 |a xo 
100 1 |a Rideky, Viliam  |u 035000  |4 aut  |U FEI Fakulta elektrotechniky a informatiky  |T FEI Ústav informatiky a matematiky  |X 111430  |U E050  |Y 816  |7 111430 
242 0 1 |a Web Module of the Reservation System Through Remote Management - Front-end  |y eng 
245 1 0 |a Webový modul rezervačného systému cez vzdialenú správu – front-end 
260 |a Bratislava :  |b STU v Bratislave FEI,  |c 2023 
300 |a 48 s., príl. 
650 4 |a rezervačný systém  |2 slo 
650 4 |a webový modul  |2 slo 
650 4 |a React  |2 slo 
650 4 |a web module  |2 eng 
650 4 |a React  |2 eng 
650 4 |a reservation system  |2 eng 
700 1 |a Martiš, Pavol  |4 ths  |X 72557  |7 72557 
856 4 |u https://opac.crzp.sk/?fn=detailBiblioFormChildIVM3R&sid=925BFB95FAA30F229F94CD019F0C&seo=CRZP-detail-kniha